Grimm's fairy tales

Bibliographic Details
Main Author: Grimm, W.C
Format: Book
Published: Hertfordshire : Wordsworth Editions Ltd , 19_?
Series:Priory classic
Subjects:

MARC

LEADER 00000cam a2200000 7i4500
001 0000054626
005 20020504.0
020 |a 0710501420 
090 0 0 |a JF   |b GRI 
100 1 |a Grimm, W.C 
245 1 0 |a Grimm's fairy tales   |c W.C.Grimm 
260 |a Hertfordshire :   |b Wordsworth Editions Ltd ,   |c 19_? 
300 |a p.v. ;   |c 19.5cm. 
490 0 |a Priory classic 
650 0 0 |a Children's stories 
999 |a 00132277   |b BUKU   |c PINJAMAN   |e PERPUSTAKAAN KOMUNITI PETALING JAYA 
999 |a 00132278   |b BUKU   |c PINJAMAN   |e PERPUSTAKAAN KOMUNITI PETALING JAYA